| Tag |
First Indicator |
Second Indicator |
Subfields |
| LEADER |
00000cam a2200000 4500 |
| 001 |
in00000068641 |
| 005 |
20151008050247.0 |
| 008 |
760128s1952 nyu 00100 eng |
| 010 |
|
|
|a 52005720
|
| 035 |
|
|
|a (OCoLC)01949894
|
| 035 |
|
|
|9 AAG0181AM
|
| 040 |
|
|
|a DLC
|c AAA
|d TXA
|d UtOrBLW
|
| 049 |
|
|
|a TXAM
|c [211530]
|
| 050 |
0 |
0 |
|a PN4784.C7
|b E43
|
| 082 |
0 |
|
|a 070.486
|
| 092 |
|
|
|a 070.486
|b E39b
|
| 100 |
1 |
|
|a Elfenbein, Julien,
|d 1897-
|
| 245 |
1 |
0 |
|a Businesspaper publishing practice.
|
| 264 |
|
1 |
|a New York :
|b Harper,
|c [1952]
|
| 300 |
|
|
|a 422 pages ;
|c 22 cm.
|
| 336 |
|
|
|a text
|b txt
|2 rdacontent
|
| 337 |
|
|
|a unmediated
|b n
|2 rdamedia
|
| 338 |
|
|
|a volume
|b nc
|2 rdacarrier
|
| 650 |
|
0 |
|a Journalism, Commercial.
|
| 999 |
|
|
|a MARS
|
| 999 |
f |
f |
|s 163bacce-1801-3241-b7e4-0f31aeaa29e1
|i df22c357-1a3e-3f84-9186-c47127fa6cce
|t 0
|
| 952 |
f |
f |
|p ric
|a Texas A&M University
|b Rellis Campus
|c Joint Library Facility
|d Remote Storage
|t 0
|e PN4784.C7 E43
|h Library of Congress classification
|i unmediated -- volume
|m A14800501621
|
| 998 |
f |
f |
|a PN4784.C7 E43
|t 0
|l Remote Storage
|